[Event "World Junior Girls 2015"]
[Site "Khanty-Mansiysk RUS"]
[Date "2015.09.06"]
[Round "5.14"]
[White "Gaboyan, Susanna"]
[Black "Saranya, J"]
[Result "1-0"]
[BlackTitle "WFM"]
[WhiteElo "2107"]
[BlackElo "2144"]
[WhiteFideId "13303627"]
[BlackFideId "5031931"]
[EventDate "2015.09.02"]

1. Nf3 Nf6 2. g3 g6 3. Bg2 Bg7 4. O-O O-O 5. c4 d6 6. d4 c6 7. Nc3 Qa5 8. h3 Be6
9. Nd2 Na6 10. a3 Qc7 11. b4 Qc8 12. Kh2 c5 13. bxc5 dxc5 14. Rb1 cxd4 15. Bxb7
Qd7 16. Na4 Bxh3 17. Bxa6 Ng4+ 18. Kg1 Bxf1 19. Bb5 Qc7 20. Qxf1 a6 21. Nb6 Qxb6
22. Bd7 Qxb1 23. Nxb1 Ne5 24. Bh3 Nxc4 25. e3 Ne5 26. exd4 Nf3+ 27. Kg2 Nxd4 28.
Nc3 e6 29. Ne4 Rfc8 30. Bg5 f5 31. Nf6+ Kf7 32. Qd3 e5 33. Nxh7 e4 34. Qb1 Rab8
35. Qa2+ Rb3 36. Qd2 Rcc3 37. Be3 Rc2 38. Ng5+ Ke7 39. Qa5 Rxe3 40. Qb4+ Ke8 41.
Qb8+ Kd7 42. Qb7+ Kd6 43. Qxg7 Kc5 44. Ne6+ Nxe6 45. Qa7+ 1-0

[Event "World Junior Girls 2015"]
[Site "Khanty-Mansiysk RUS"]
[Date "2015.09.06"]
[Round "5.15"]
[White "Gelip, Ioana"]
[Black "Hoare, Amy B"]
[Result "1-0"]
[WhiteElo "2139"]
[BlackElo "2088"]
[WhiteFideId "1202260"]
[BlackFideId "418366"]
[EventDate "2015.09.02"]

1. e4 e5 2. Nf3 Nc6 3. Bc4 Bc5 4. O-O Nf6 5. d4 Bxd4 6. Nxd4 Nxd4 7. f4 d6 8.
fxe5 dxe5 9. Bg5 Qe7 10. c3 Be6 11. Bxf6 gxf6 12. Na3 Bxc4 13. Nxc4 Ne6 14. Ne3
Qc5 15. Qd2 Ng5 16. Kh1 Nxe4 17. Qd3 Nd6 18. b4 Qc6 19. Nd5 f5 20. Rae1 e4 21.
Qd4 Kd7 22. Rxf5 Raf8 23. Rxe4 Re8 24. Rxf7+ Kc8 25. Ne7+ Rxe7 26. Qxh8+ Re8 27.
Rxe8+ Nxe8 28. Rf8 Kd8 29. Qe5 Qg6 30. h4 Qb1+ 31. Kh2 Qg6 32. b5 h6 33. h5 1-0

[Event "World Junior Girls 2015"]
[Site "Khanty-Mansiysk RUS"]
[Date "2015.09.06"]
[Round "5.16"]
[White "Milosevic, Jovana"]
[Black "Fataliyeva, Ulviyya"]
[Result "0-1"]
[WhiteTitle "WFM"]
[BlackTitle "WIM"]
[WhiteElo "2117"]
[BlackElo "2301"]
[WhiteFideId "900427"]
[BlackFideId "13403052"]
[EventDate "2015.09.02"]

1. Nf3 e6 2. d4 Nf6 3. c4 d5 4. Nc3 Bb4 5. e3 O-O 6. Be2 c5 7. cxd5 exd5 8. a3
Bxc3+ 9. bxc3 c4 10. O-O Nc6 11. Nd2 Re8 12. Qc2 b5 13. Bf3 Bg4 14. Bxg4 Nxg4
15. Qf5 Nh6 16. Qf3 f5 17. a4 b4 18. Nxc4 Rc8 19. Nb2 bxc3 20. Nd3 Ne7 21. Ba3
Ng6 22. g3 Rc4 23. Bc5 a5 24. h4 Re4 25. h5 Nh8 26. Rfc1 N8f7 27. Nf4 Ng5 28.
Qg2 Ng4 29. Ne2 c2 30. Ra3 Qb8 31. Rc3 Rxc3 32. Nxc3 Qb2 33. Ne2 Qb3 34. Bd6 Qd3
35. Bf4 Qxe2 36. Bxg5 Qd2 37. Qf1 Nxf2 38. Rxc2 Qxc2 39. Qxf2 Qxf2+ 40. Kxf2 Re8
41. Kf3 Kf7 42. Bf4 Rc8 0-1

[Event "World Junior Girls 2015"]
[Site "Khanty-Mansiysk RUS"]
[Date "2015.09.06"]
[Round "5.17"]
[White "Leonardi, Caterina"]
[Black "Wozniak, Mariola"]
[Result "0-1"]
[BlackTitle "WCM"]
[WhiteElo "2080"]
[BlackElo "2198"]
[WhiteFideId "14601036"]
[BlackFideId "1152050"]
[EventDate "2015.09.02"]

1. d4 f5 2. c4 g6 3. Nf3 Nf6 4. Nc3 Bg7 5. e3 O-O 6. b4 d6 7. Bb2 Qe8 8. Qb3 Kh8
9. Be2 c6 10. O-O e5 11. dxe5 dxe5 12. a4 Nbd7 13. a5 Rb8 14. b5 e4 15. Ne1 Qe6
16. Nc2 c5 17. Nd5 b6 18. Rfd1 Ne5 19. h3 g5 20. axb6 axb6 21. Ra7 Nfd7 22. Nc7
Qh6 23. Nd4 cxd4 24. exd4 Ng6 25. Ne6 Nf4 26. Nxg7 Nxe2+ 27. Kf1 Kxg7 28. Kxe2
f4 29. c5 f3+ 30. Kf1 fxg2+ 31. Kxg2 Rf3 32. Qd5 Qxh3+ 33. Kg1 Qg4+ 34. Kf1 e3
35. Qe5+ Kh6 36. Qd6+ Kh5 37. Qh2+ Rh3 0-1

[Event "World Junior Girls 2015"]
[Site "Khanty-Mansiysk RUS"]
[Date "2015.09.06"]
[Round "5.18"]
[White "Sazonova, Anastasia"]
[Black "Ivanova, Karina"]
[Result "1/2-1/2"]
[WhiteTitle "WFM"]
[BlackTitle "WFM"]
[WhiteElo "2020"]
[BlackElo "2177"]
[WhiteFideId "24131008"]
[BlackFideId "24139750"]
[EventDate "2015.09.02"]

1. d4 Nf6 2. c4 e6 3. Nf3 b6 4. g3 Bb7 5. Bg2 Be7 6. O-O O-O 7. Nc3 Ne4 8. Bd2
Nxc3 9. Bxc3 Be4 10. d5 Bf6 11. Nd4 Bxg2 12. Kxg2 Na6 13. Qc2 Qe7 14. Rfd1 Rfe8
15. e3 c6 16. dxc6 dxc6 17. Qa4 Bxd4 18. Rxd4 e5 19. Rd2 Qb7 20. Qc2 Rac8 21.
Rad1 Nb8 22. Qf5 Qe7 23. b3 f6 24. h4 Qe6 25. Qxe6+ Rxe6 26. Rd8+ Re8 27. Rxc8
Rxc8 28. f4 exf4 29. exf4 h5 30. Kf3 Kf7 31. f5 Ke7 32. Re1+ Kf7 33. Rd1 Ke7 34.
Re1+ Kf7 35. Rd1 1/2-1/2

[Event "World Junior Girls 2015"]
[Site "Khanty-Mansiysk RUS"]
[Date "2015.09.06"]
[Round "5.19"]
[White "Monnisha, G K"]
[Black "Kusenkova, Natallia"]
[Result "0-1"]
[WhiteTitle "WFM"]
[WhiteElo "2004"]
[BlackElo "2155"]
[WhiteFideId "5009936"]
[BlackFideId "13506501"]
[EventDate "2015.09.02"]

1. e4 e5 2. Nf3 Nc6 3. Bb5 a6 4. Ba4 Nf6 5. d3 b5 6. Bb3 Be7 7. O-O O-O 8. Re1
d6 9. c3 Na5 10. Bc2 c5 11. Nbd2 Nc6 12. Nf1 Be6 13. h3 h6 14. Ng3 Qc7 15. Nh2
d5 16. Qf3 dxe4 17. dxe4 Rfd8 18. Ng4 Nxg4 19. hxg4 Bg5 20. Nf5 Ne7 21. Bxg5
hxg5 22. Qe3 f6 23. a4 g6 24. Nxe7+ Qxe7 25. f3 b4 26. Red1 a5 27. Kf2 c4 28.
cxb4 Qxb4 29. Qc3 Qb6+ 30. Kg3 Rd4 31. Rh1 Rad8 32. Rad1 R8d6 33. Rhf1 Qd8 34.
Rb1 Rd2 35. Rbe1 Kg7 36. Bb1 Qb6 37. Bc2 Qd8 38. Bb1 Bf7 39. Ba2 R6d4 40. Bb1
Qb6 41. Bc2 Be6 42. Re3 Rd7 43. Rfe1 Qd8 44. Rh1 Rb7 45. Ree1 Qd4 46. Qxd4 exd4
47. Bb1 Rbxb2 48. Rh2 c3 49. Reh1 Bg8 0-1

[Event "World Junior Girls 2015"]
[Site "Khanty-Mansiysk RUS"]
[Date "2015.09.06"]
[Round "5.20"]
[White "Garifullina, Leya"]
[Black "Osmanodja, Filiz"]
[Result "0-1"]
[BlackTitle "WIM"]
[WhiteElo "1776"]
[BlackElo "2309"]
[WhiteFideId "34127035"]
[BlackFideId "24633569"]
[EventDate "2015.09.02"]

1. e4 e5 2. Nf3 Nc6 3. Bb5 a6 4. Ba4 Nf6 5. O-O b5 6. Bb3 Be7 7. Re1 O-O 8. c3
d6 9. h3 Nb8 10. d4 Nbd7 11. Nbd2 Bb7 12. Bc2 Re8 13. Nf1 Bf8 14. Ng3 g6 15. a4
Bg7 16. Bd3 c6 17. Bg5 Qe7 18. Qd2 Qf8 19. axb5 cxb5 20. d5 h6 21. Be3 Bxd5 22.
exd5 e4 23. Bxe4 Nxe4 24. Nxe4 Rxe4 25. Bf4 Nc5 26. Rxe4 Nxe4 27. Qc2 f5 28. Nd2
Nf6 29. Qd3 Qe7 30. Nb3 g5 31. Be3 Qe5 32. Rd1 Re8 33. Bd4 Qxd5 34. Nc1 Qe6 35.
f3 Bf8 36. Kf1 Nh5 37. Kf2 Nf4 38. Qd2 Qg6 39. Rh1 Qh5 40. h4 Ne6 41. Ne2 f4 42.
g4 Qg6 43. hxg5 hxg5 44. Qd1 Bh6 45. Rh2 Re7 46. Bb6 Nc5 47. Bxc5 dxc5 48. Qd8+
Kf7 49. Qd5+ Qe6 50. Qxe6+ Rxe6 51. Rh1 Rd6 52. Ra1 Bg7 53. Ke1 Ke6 54. Nc1 c4
55. Ne2 Bf6 56. Ra2 Kd5 57. Kd2 Kc5+ 58. Kc2 Re6 59. Kd2 Rd6+ 60. Kc2 Kb6 61.
Ra1 a5 62. Rh1 b4 63. Rf1 Kb5 64. Rf2 b3+ 65. Kc1 a4 66. Rf1 a3 67. bxa3 Ka4 68.
Kb1 Kxa3 69. Nc1 Rd2 70. Re1 Rb2+ 71. Ka1 Bxc3 72. Rd1 Ra2+ 73. Kb1 Ra1# 0-1

[Event "World Junior Girls 2015"]
[Site "Khanty-Mansiysk RUS"]
[Date "2015.09.06"]
[Round "5.21"]
[White "Amrayeva, Aytan"]
[Black "Badamkhand, Norovsambuu"]
[Result "1-0"]
[WhiteTitle "WCM"]
[WhiteElo "2145"]
[BlackElo "2001"]
[WhiteFideId "13405101"]
[BlackFideId "4901681"]
[EventDate "2015.09.02"]

1. d4 d5 2. c4 c6 3. e3 e6 4. Nf3 Nf6 5. Bd3 Be7 6. Nc3 Nbd7 7. O-O O-O 8. e4
dxe4 9. Nxe4 b6 10. b3 Bb7 11. Bb2 Re8 12. Qe2 Nf8 13. Ne5 Qc7 14. Ng5 Ng6 15.
Ngxf7 Nf4 16. Qe3 Nxd3 17. Qxd3 Bf8 18. Qg3 Re7 19. Nh6+ Kh8 20. Nhg4 Nxg4 21.
Qxg4 Ree8 22. Rfe1 c5 23. Rad1 Rad8 24. dxc5 Bxc5 25. Rxd8 Rxd8 26. Qxe6 Rf8 27.
Nd3 Bc8 28. Qd5 Bb7 29. Qg5 Qf7 30. Qg3 Be7 31. Bxg7+ 1-0

[Event "World Junior Girls 2015"]
[Site "Khanty-Mansiysk RUS"]
[Date "2015.09.06"]
[Round "5.22"]
[White "Bengtsson, Jessica"]
[Black "Voskresenskaya, Marta"]
[Result "1-0"]
[WhiteElo "2056"]
[BlackElo "1703"]
[WhiteFideId "1711083"]
[BlackFideId "34127795"]
[EventDate "2015.09.02"]

1. e4 c5 2. c3 g6 3. d4 cxd4 4. cxd4 d5 5. e5 Nc6 6. Nc3 Bg7 7. h3 f6 8. f4 Nh6
9. g4 Nf7 10. Bg2 e6 11. Nf3 b6 12. O-O fxe5 13. fxe5 Ba6 14. Rf2 Bf8 15. Be3
Be7 16. Qa4 Bb7 17. a3 O-O 18. b4 Rc8 19. Ne2 Qd7 20. Qd1 Ba6 21. Qd2 Bc4 22.
Rb1 b5 23. g5 Ra8 24. Ne1 a5 25. Rb2 axb4 26. axb4 Ra4 27. Nc2 Rfa8 28. Nc1 Qd8
29. h4 Qf8 30. Bh3 Qc8 31. Kh2 Qd7 32. Bg4 Rf8 33. Kg2 Nfd8 34. Rxf8+ Bxf8 35.
Qe1 Qf7 36. Bd2 Ne7 37. Nb3 Bd3 38. Nc5 Bxc2 39. Rxc2 Ra3 40. Nd7 Nf5 41. Nf6+
Kh8 42. Bxf5 gxf5 43. Qc1 Ra7 44. Rc8 Be7 45. Kf1 Rb7 46. Qc6 Kg7 47. Qc3 Ra7
48. h5 Kh8 49. Kf2 Qf8 50. h6 Rb7 51. Qa3 Bxf6 52. gxf6 Qg8 53. Qg3 Qxg3+ 54.
Kxg3 Kg8 55. Rxd8+ Kf7 56. Rh8 f4+ 57. Kg4 f3 58. Kxf3 Kg6 59. Rg8+ Kh5 60. Rg5+
Kh4 61. Rg7 Rb8 62. f7 Ra8 63. Rg8 Ra3+ 64. Ke2 1-0

[Event "World Junior Girls 2015"]
[Site "Khanty-Mansiysk RUS"]
[Date "2015.09.06"]
[Round "5.23"]
[White "Drogovoz, Maria"]
[Black "Thomas, Anysia"]
[Result "0-1"]
[WhiteTitle "WFM"]
[WhiteElo "1924"]
[BlackElo "2035"]
[WhiteFideId "4176731"]
[BlackFideId "670472"]
[EventDate "2015.09.02"]

1. e4 c6 2. Nf3 g6 3. d4 d5 4. Nbd2 Bg7 5. c3 Nh6 6. Bd3 O-O 7. O-O Re8 8. h3
Nd7 9. exd5 cxd5 10. Qb3 Nf6 11. Ne5 a6 12. a4 Nf5 13. Bxf5 gxf5 14. a5 Ne4 15.
Nxe4 fxe4 16. Bf4 f6 17. Ng4 Bxg4 18. hxg4 Qd7 19. Ra4 Kh8 20. g5 Qg4 21. Be3 e6
22. Qxb7 f5 23. f4 Rab8 24. Qc6 Bf8 25. Ra2 Qe2 26. Bc1 Rbc8 27. Qa4 Qd3 28. Ra1
Re7 29. Qd1 Qg3 30. Qe2 h6 31. Qxa6 Rcc7 32. Qe2 Rh7 33. Qe3 Qg4 34. g6 Qxg6 35.
b4 Rhg7 36. Rf2 Qh5 37. Bd2 Rg4 38. Qe2 Rcg7 39. a6 Rxg2+ 40. Rxg2 Qxe2 41. Rxg7
Kxg7 42. Be1 Bd6 43. a7 Bxf4 44. a8=Q Be3+ 45. Kh1 Qf1+ 46. Kh2 Bg1+ 0-1

[Event "World Junior Girls 2015"]
[Site "Khanty-Mansiysk RUS"]
[Date "2015.09.06"]
[Round "5.24"]
[White "Barbier, Astrid"]
[Black "Musaeva, Shakhnazi"]
[Result "1/2-1/2"]
[WhiteElo "1835"]
[BlackElo "1586"]
[WhiteFideId "200395"]
[BlackFideId "13801643"]
[EventDate "2015.09.02"]

1. e4 c5 2. Nc3 e6 3. f4 d5 4. Nf3 Nf6 5. Bb5+ Bd7 6. Bxd7+ Nbxd7 7. d3 Be7 8.
O-O O-O 9. Qe1 a6 10. Qg3 b5 11. e5 Ne8 12. Qh3 Nc7 13. Bd2 f5 14. Be1 d4 15.
Ne2 Nd5 16. Bd2 Qe8 17. Ne1 Qg6 18. Rf3 Qg4 19. Qxg4 fxg4 20. Rg3 h5 21. c4 dxc3
22. bxc3 Bh4 23. c4 Bxg3 24. cxd5 Bxe1 25. Rxe1 exd5 26. d4 c4 27. Bb4 Rf5 28.
g3 a5 29. Bd6 Nb6 30. a3 b4 31. axb4 axb4 32. Bxb4 Kf7 33. Nc3 1/2-1/2

[Event "World Junior Girls 2015"]
[Site "Khanty-Mansiysk RUS"]
[Date "2015.09.07"]
[Round "6.1"]
[White "Abdumalik, Zhansaya"]
[Black "Buksa, Nataliya"]
[Result "1-0"]
[WhiteTitle "WGM"]
[BlackTitle "WFM"]
[WhiteElo "2380"]
[BlackElo "2199"]
[WhiteFideId "13703544"]
[BlackFideId "14123622"]
[EventDate "2015.09.02"]

1. e4 c5 2. Nf3 e6 3. d4 cxd4 4. Nxd4 a6 5. Bd3 Bc5 6. Nb3 Ba7 7. O-O Nc6 8. Qg4
Nf6 9. Qg3 d6 10. Kh1 Ne5 11. f4 Nxd3 12. cxd3 h5 13. e5 Ng4 14. Nc3 d5 15. d4
g6 16. f5 exf5 17. h3 g5 18. hxg4 hxg4+ 19. Kg1 f4 20. Qd3 g3 21. Ne2 g4 22.
Rxf4 1-0

[Event "World Junior Girls 2015"]
[Site "Khanty-Mansiysk RUS"]
[Date "2015.09.07"]
[Round "6.2"]
[White "Terbe, Julianna"]
[Black "Saduakassova, Dinara"]
[Result "0-1"]
[WhiteTitle "WFM"]
[BlackTitle "WGM"]
[WhiteElo "2233"]
[BlackElo "2409"]
[WhiteFideId "708780"]
[BlackFideId "13700090"]
[EventDate "2015.09.02"]

1. e4 c5 2. c3 Nf6 3. e5 Nd5 4. Nf3 e6 5. Bc4 d6 6. d4 cxd4 7. cxd4 Be7 8. O-O
O-O 9. Re1 Nc6 10. exd6 Qxd6 11. Nc3 Rd8 12. Ne5 Nxc3 13. Qf3 Nxe5 14. dxe5 Qb4
15. Qxc3 Qxc3 16. bxc3 Bd7 17. Be3 Rac8 18. Bb3 b6 19. c4 Bb4 20. Re2 Be8 21.
Rb1 Bc3 22. Bg5 Rd3 23. Rc1 Bb4 24. Re3 Rd4 25. Rg3 Kf8 26. Be3 Re4 27. Kf1 h6
28. f4 Rd8 29. Rb1 Bc5 30. Bc1 b5 31. Bc2 Rxc4 32. Bb3 Re4 33. Bc2 Red4 34. Be3
R4d5 35. Bb3 Bxe3 36. Bxd5 Bxf4 37. Rf3 Bxh2 38. Bxe6 Bxe5 39. Bb3 Bf6 40. Rd1
Rc8 41. Re3 a5 42. Rd5 a4 43. Bd1 Rc1 44. Ke2 Ra1 45. a3 Ra2+ 46. Ke1 Rxg2 47.
Rxe8+ Kxe8 48. Rxb5 Rg1+ 49. Ke2 Rg2+ 50. Kf1 Rg3 51. Bxa4 Rxa3 52. Rb8+ Ke7 53.
Rb7+ Kd6 54. Be8 Be7 55. Rb6+ Kc7 56. Rb2 Bc5 57. Kg2 f5 58. Rb5 Rc3 59. Bg6 f4
60. Be4 Rg3+ 61. Kh2 Kd6 62. Rb7 Ke5 63. Bg2 Kf6 64. Rb5 Bg1+ 65. Kh1 f3 66.
Bxf3 Rxf3 67. Kxg1 g6 68. Rb8 Kg5 69. Rb4 h5 70. Kg2 Rf4 71. Rb3 h4 72. Rb6 Kh5
73. Rb5+ Kg4 74. Rb3 g5 75. Ra3 Rc4 76. Rb3 Rc2+ 77. Kh1 h3 78. Ra3 Kh4 79. Ra4+
g4 80. Rb4 Rf2 81. Kg1 Rg2+ 82. Kh1 Re2 83. Kg1 Kg3 84. Rb3+ Kf4 85. Rb4+ Kf3 0-1

[Event "World Junior Girls 2015"]
[Site "Khanty-Mansiysk RUS"]
[Date "2015.09.07"]
[Round "6.3"]
[White "Michelle Catherina, P"]
[Black "Ziaziulkina, Nastassia"]
[Result "1/2-1/2"]
[WhiteTitle "WIM"]
[BlackTitle "IM"]
[WhiteElo "2259"]
[BlackElo "2401"]
[WhiteFideId "5005736"]
[BlackFideId "13505211"]
[EventDate "2015.09.02"]

1. e4 c5 2. Nf3 d6 3. d4 cxd4 4. Nxd4 Nf6 5. Nc3 a6 6. h3 e6 7. g4 Nfd7 8. Bg2
Nc6 9. Nce2 Be7 10. c3 O-O 11. O-O Nde5 12. f4 Ng6 13. Nf3 h6 14. Kh2 Bd7 15.
Ng3 Qc7 16. Nh5 Rad8 17. Kh1 Nh4 18. Nxh4 Bxh4 19. g5 hxg5 20. fxg5 Ne5 21. Bf4
Qc5 22. Rc1 a5 23. a4 Bxa4 24. Qxa4 Nd3 25. b4 axb4 26. cxb4 Qd4 27. Qa1 Qxa1
28. Rxa1 Nxf4 29. Nxf4 Bxg5 30. Ra7 Rd7 31. Nd3 Be3 32. Ra3 Bd4 33. Rc1 g5 34.
Ra5 f6 35. Bf3 Kf7 36. Bg4 Ke7 37. Kg2 b6 38. Ra2 Rfd8 39. Rc4 Be3 40. Re2 b5
41. Rc6 Bd4 42. Nc1 Rf8 43. Nb3 Be5 44. Bxe6 Kxe6 45. Nc5+ Ke7 46. Nxd7 Kxd7 47.
Rb6 Rc8 48. Ra2 Rc4 49. Rxb5 Rxe4 50. Rb7+ Kc6 51. Rb8 Re3 52. b5+ Kd5 53. Rd2+
Ke4 54. b6 Rb3 55. Re2+ Kd4 56. Rd2+ Ke3 57. Rf2 Ke4 58. Re2+ Kd3 59. Rf2 Ke4
60. Re2+ 1/2-1/2

[Event "World Junior Girls 2015"]
[Site "Khanty-Mansiysk RUS"]
[Date "2015.09.07"]
[Round "6.4"]
[White "Makarenko, Alexandra"]
[Black "Mammadzada, Gunay"]
[Result "0-1"]
[WhiteTitle "WFM"]
[BlackTitle "WGM"]
[WhiteElo "2229"]
[BlackElo "2355"]
[WhiteFideId "4165055"]
[BlackFideId "13403729"]
[EventDate "2015.09.02"]

1. e4 c5 2. Nf3 d6 3. d4 cxd4 4. Nxd4 Nf6 5. Nc3 a6 6. Bg5 Nbd7 7. Bc4 Qa5 8.
Qd2 e6 9. O-O-O b5 10. Bb3 Bb7 11. Rhe1 Be7 12. Kb1 Nc5 13. Bd5 b4 14. Bxb7 bxc3
15. Bc6+ Nfd7 16. Qe3 Rb8 17. b3 Bxg5 18. Qxg5 Nxb3 19. Qxa5 Nxa5+ 20. Kc1 Rb6
21. Bxd7+ Kxd7 22. Re3 Rc8 23. Nb3 Nb7 24. Rdd3 Rbc6 25. Rh3 Rc4 26. Rxh7 Rxe4
27. Rxg7 Rf4 28. f3 e5 29. g3 Rf6 30. h4 Ke6 31. h5 Rh6 32. Rg5 f6 33. Rg7 Nc5
34. Rxc3 Nxb3+ 35. Rxb3 Rxh5 36. a4 Rh2 37. Rb2 Rf2 38. Ra7 Rc6 39. a5 Kd5 40.
f4 e4 41. Kd1 Ke6 42. Ra8 Rc3 43. Rb4 f5 44. g4 fxg4 45. Rxe4+ Kf5 46. Re7 g3
47. Rg7 g2 48. Rg5+ Ke4 49. Re8+ Kf3 50. f5 Ra3 51. Kc1 g1=Q+ 52. Rxg1 Ra1+ 53.
Kb2 Rxg1 54. f6 Kg2 55. Ra8 Rxf6 56. Rxa6 Kf3 57. Kb3 Rb1+ 58. Kc3 Ke4 59. Ra8
Rf3+ 0-1

[Event "World Junior Girls 2015"]
[Site "Khanty-Mansiysk RUS"]
[Date "2015.09.07"]
[Round "6.5"]
[White "Bivol, Alina"]
[Black "Drogovoz, Irina"]
[Result "1-0"]
[WhiteTitle "WIM"]
[WhiteElo "2321"]
[BlackElo "2253"]
[WhiteFideId "4100123"]
[BlackFideId "4176715"]
[EventDate "2015.09.02"]

1. Nf3 Nf6 2. c4 g6 3. Nc3 d5 4. cxd5 Nxd5 5. Qa4+ Bd7 6. Qh4 Nf6 7. e4 Bg7 8.
Bc4 h6 9. Bxf7+ Kxf7 10. Ne5+ Kg8 11. Nxg6 Nc6 12. Nxh8 Kxh8 13. O-O e5 14. d3
Kh7 15. Bg5 Kg6 16. Bxf6 Bxf6 17. Qg3+ Kh7 18. Nd5 Bg7 19. f4 Nd4 20. Rf2 c6 21.
Ne3 exf4 22. Qxf4 Be6 23. e5 Qd7 24. Qe4+ Kh8 25. Raf1 Re8 26. Qh4 c5 27. Qh5
Nc6 28. Rf6 Bxf6 29. Rxf6 Re7 30. Nf5 Rh7 31. Rf8+ Bg8 32. Qg6 Rg7 33. Qxh6+ Rh7
34. Qf6+ Rg7 35. e6 1-0

[Event "World Junior Girls 2015"]
[Site "Khanty-Mansiysk RUS"]
[Date "2015.09.07"]
[Round "6.6"]
[White "Navrotescu, Andreea-Cristiana"]
[Black "Ibrahimova, Sabina"]
[Result "1/2-1/2"]
[WhiteTitle "WFM"]
[BlackTitle "WIM"]
[WhiteElo "2263"]
[BlackElo "2215"]
[WhiteFideId "675946"]
[BlackFideId "13403893"]
[EventDate "2015.09.02"]

1. d4 Nf6 2. Nf3 g6 3. c4 Bg7 4. Nc3 d6 5. e4 O-O 6. Be2 e5 7. Be3 exd4 8. Nxd4
Re8 9. f3 Nc6 10. O-O Nh5 11. Qd2 Nf4 12. Nxc6 Bxc3 13. bxc3 Nxe2+ 14. Qxe2 bxc6
15. c5 d5 16. exd5 cxd5 17. Qd2 Ba6 18. Rfe1 Qd7 19. Qd4 Re6 20. Bf4 c6 21. Rxe6
Qxe6 22. Bg3 Re8 23. Re1 Qxe1+ 24. Bxe1 Rxe1+ 25. Kf2 Re2+ 26. Kg3 Rxa2 27. Qe5
Bb5 28. Qe8+ 1/2-1/2

[Event "World Junior Girls 2015"]
[Site "Khanty-Mansiysk RUS"]
[Date "2015.09.07"]
[Round "6.7"]
[White "Nguyen, Thi Thuy Trien"]
[Black "Rodriguez Rueda, Paula Andrea"]
[Result "1-0"]
[WhiteTitle "WFM"]
[BlackTitle "IM"]
[WhiteElo "1939"]
[BlackElo "2358"]
[WhiteFideId "12404179"]
[BlackFideId "4404564"]
[EventDate "2015.09.02"]

1. e4 c5 2. Nf3 d6 3. d4 cxd4 4. Nxd4 Nf6 5. Nc3 a6 6. Be2 e5 7. Nb3 Be7 8. O-O
Be6 9. Be3 O-O 10. f4 Qc7 11. Nd5 Bxd5 12. exd5 Nbd7 13. c4 Rfe8 14. Rc1 Bf8 15.
f5 Nc5 16. g4 Nfd7 17. g5 Be7 18. f6 Nxb3 19. axb3 gxf6 20. Bd3 fxg5 21. Qh5 f5
22. Bxf5 Nf6 23. Bxh7+ Kg7 24. Qg6+ Kh8 25. Qh6 Ng4 26. Qh3 Nf6 27. Bxg5 Rf8 28.
Bf5+ Kg7 29. Qh6+ 1-0

[Event "World Junior Girls 2015"]
[Site "Khanty-Mansiysk RUS"]
[Date "2015.09.07"]
[Round "6.8"]
[White "Paredes Bustamante, Paula"]
[Black "Khomeriki, Nino"]
[Result "1/2-1/2"]
[WhiteTitle "WFM"]
[BlackTitle "WFM"]
[WhiteElo "2156"]
[BlackElo "2296"]
[WhiteFideId "3804992"]
[BlackFideId "13603191"]
[EventDate "2015.09.02"]

1. e4 e5 2. Nf3 Nc6 3. Bb5 a6 4. Ba4 Nf6 5. O-O Be7 6. Re1 b5 7. Bb3 O-O 8. h3
d6 9. c3 Nb8 10. d4 Nbd7 11. Nbd2 c5 12. Nf1 Re8 13. Bc2 exd4 14. cxd4 cxd4 15.
Nxd4 Bb7 16. Nf5 Bf8 17. Nxd6 Bxd6 18. Qxd6 Rc8 19. Bb1 Re6 20. Qd1 Nxe4 21.
Bxe4 Bxe4 22. Bf4 Nc5 23. Qxd8+ Rxd8 24. Ng3 Bd5 25. Rxe6 Bxe6 26. Be3 Na4 27.
b3 Nc3 28. Kf1 Rd3 29. Bc5 h6 30. Ke1 a5 31. Ne2 g5 32. Nxc3 Rxc3 33. Bb6 a4 34.
bxa4 bxa4 35. a3 Kh7 36. Kd2 Rb3 37. Bc5 Kg6 38. Bb4 Bd5 39. Rg1 f5 40. g3 Be4
41. Be7 Kf7 42. Bc5 h5 43. Rc1 Ke6 44. Be3 Rxa3 45. Bxg5 Rb3 46. Rc3 Rb2+ 47.
Ke3 Bd5 48. Bh6 1/2-1/2

[Event "World Junior Girls 2015"]
[Site "Khanty-Mansiysk RUS"]
[Date "2015.09.07"]
[Round "6.9"]
[White "Bayarmaa, Bayarjargal"]
[Black "Gelip, Ioana"]
[Result "1-0"]
[WhiteTitle "WFM"]
[WhiteElo "2265"]
[BlackElo "2139"]
[WhiteFideId "4900260"]
[BlackFideId "1202260"]
[EventDate "2015.09.02"]

1. d4 Nf6 2. c4 e6 3. Nf3 Bb4+ 4. Bd2 Qe7 5. g3 O-O 6. Nc3 d6 7. Bg2 e5 8. O-O
Bxc3 9. Bxc3 Ne4 10. Rc1 a5 11. c5 Nxc3 12. Rxc3 Nc6 13. cxd6 cxd6 14. a3 Bg4
15. d5 Nb8 16. Qc2 Na6 17. Rc1 f5 18. Qd2 h6 19. Nh4 Qf7 20. h3 Bh5 21. e4 Bg6
22. exf5 Bxf5 23. Rf3 Qd7 24. Nxf5 Rxf5 25. Rxf5 Qxf5 26. Qxa5 Rf8 27. Qb6 Nc5
28. Rf1 Qd7 29. b4 Na4 30. Qe3 Qb5 31. Rc1 Qd7 32. g4 Qf7 33. Be4 Nb2 34. Qd2
Qf4 35. Qxf4 Rxf4 36. Rc8+ Kf7 37. f3 b5 38. Rc7+ Kf8 39. Rb7 Nc4 40. Rxb5 Nxa3
41. Rb8+ Ke7 42. b5 Kd7 43. b6 Nc4 44. Bf5+ 1-0

[Event "World Junior Girls 2015"]
[Site "Khanty-Mansiysk RUS"]
[Date "2015.09.07"]
[Round "6.10"]
[White "Derakhshani, Dorsa"]
[Black "Gaboyan, Susanna"]
[Result "1/2-1/2"]
[WhiteTitle "WIM"]
[WhiteElo "2244"]
[BlackElo "2107"]
[WhiteFideId "12500330"]
[BlackFideId "13303627"]
[EventDate "2015.09.02"]

1. e4 g6 2. d4 c5 3. Nf3 Bg7 4. dxc5 Qa5+ 5. Nc3 Nf6 6. e5 Ng4 7. Qd4 h5 8. b4
Qd8 9. Qe4 Nc6 10. Bf4 d6 11. Bb5 O-O 12. Bxc6 Bf5 13. Qe2 bxc6 14. h3 dxe5 15.
Rd1 Qb8 16. hxg4 exf4 17. gxf5 Bxc3+ 18. Kf1 Qb5 19. Qxb5 cxb5 20. Rh4 Bxb4 21.
Rxf4 Bxc5 22. fxg6 fxg6 23. Re4 Rad8 24. Rxd8 Rxd8 25. Re5 Rc8 26. Rg5 Bb6 27.
Rxg6+ Kh7 28. Re6 Rxc2 29. Rxe7+ Kg6 30. Re2 Rc1+ 31. Re1 Rc7 32. Re6+ Kf5 33.
Re5+ Kf6 34. Rxh5 Rc2 35. Rxb5 Rxa2 36. Ke1 Bxf2+ 37. Kd1 Bg3 38. Nd2 Bf4 39.
Ne4+ Kg6 40. g4 Ra4 41. Nc5 Rd4+ 42. Kc2 Rd5 43. Ra5 Be3 44. Nb3 Rd7 45. Kc3 Kf6
46. Kc4 Rg7 47. Kd3 Bb6 48. g5+ Kg6 49. Rd5 Re7 50. Nc5 Bxc5 51. Rxc5 Re1 52.
Ra5 Rg1 1/2-1/2